| 000 | 01348cam a2200229 4500 | ||
|---|---|---|---|
| 001 | ##L135488 | ||
| 008 | 061030n2006 000 0 eng u | ||
| 020 |
_a1905018347 _a9781905018345 |
||
| 035 | _a(Sirsi) u135488 | ||
| 041 | 0 | _aeng | |
| 050 | 0 | 4 | _a306.1 $2 18 |
| 100 | 1 | _aRhodes, David | |
| 245 | 0 | 4 | _aThe modern private rented sector |
| 260 |
_aLondon _bCIH _aLondon _bJRF _c2006 |
||
| 520 | _aExamines the characteristics of the modern Private Rented Sector (PRS) through an analysis of 2001 census data and other sources of data and classifications of area type. Covers the history of the modern PRS, its size and geography, privately rented properties, the people renting privately and private renting households. Concludes that the most important role of the PRS within the modern housing system is to provide flexible accommodation for young and mobile people. The open-market PRS was generally the most attuned to this role, mostly in urban areas and especially in Greater London. | ||
| 590 | _aIKA311006 | ||
| 651 | 4 |
_aUnited Kingdom _y |
|
| 690 | _aPROPERTY-RESIDENTIAL PROPERTY-RESIDENTIAL PROPERTY TENURE-LEASEHOLD RESIDENTIAL PROPERTY | ||
| 710 | 2 |
_aJoseph Rowntree Foundation _92318 |
|
| 856 | 4 | 0 |
_uhttps://www.jrf.org.uk/knowledge/findings/housing/1941.asp _zView the report free of charge at www.jrf.org.uk... |
| 942 | _n0 | ||
| 999 |
_c106080 _d106080 |
||